| 000 | 01341cam a2200217 4500 | ||
|---|---|---|---|
| 001 | ABS62638 | ||
| 008 | 000000n2000 000 0 eng u | ||
| 035 | _a(Sirsi) u107549 | ||
| 245 | _aVisible Information Packaged Systems Ltd v Squarepoint (London) Ltd and others | ||
| 260 | _c2000 | ||
| 490 |
_aEstates Gazette Law Reports _v[2000] 30 EG 121-125(5) |
||
| 520 | _aLT 16 February 2000. The tenants of W and B applied to the Leasehold Valuation Tribunal (LVT) for a determination of the premium to be paid to the freeholder S, and to the intermediate leaseholder, V, in consideration of a new, extended lease of a flat under the Leasehold Reform, Housing and Urban Development Act 1993 s48. The LVT determined the compensation payable to V, for the value of its intermediate lease, at £184. V appealed, contending that the LVT, in calculating the loss-of-profit rent, when all parties had agreed that the loss-of the gross rent should be taken, had been wrong. 'Held' appeal was allowed. | ||
| 590 | _aABS | ||
| 650 | _aVISIBLE INFORMATION PACKAGED SYSTEMS LTD V SQUAREPOINT (LONDON) LTD | ||
| 650 | _aCALCULATION OF VALUE | ||
| 650 | _aGROSS RENT | ||
| 650 | _aLEASEHOLD REFORM, HOUSING AND URBAN DEVELOPMENT ACT 1993 S13 | ||
| 650 | _aLOSS OF PROFIT | ||
| 690 | _aLANDLORD AND TENANT-LEASEHOLD REFORM-CASE LAW | ||
| 942 | _n0 | ||
| 999 |
_c64280 _d64280 |
||